000 00700nam a2200265Ia 4500
003 OSt
005 20221006160140.0
006 a|||||r|||| 00| 0
007 ta
008 221006b |||||||| |||| 00| 0 eng d
020 _a9781565912991
_c
_29.50
024 _a44,434
037 _bGift, KCC (Window on Korea)
_cTextual
040 _aEASL
_cEASL
_beng
041 _2eng
_aeng
082 _az495, Q1
100 _aChoi Jung-wha
_9672102
245 0 _aThis is Korea
260 _aSeoul
_bHollym
_c2011
300 _a198p.
_ccm.
490 _v KEL
650 _aKEL
942 _hz495, Q1
_cTEXL
_2CC
999 _c1112526
_d1112526